000 00579nam a2200181 i 4500
001 102901
003 ES-MaACL
005 20250806053933.0
007 t|
008 031105s1908 sp ||||1| spa d
100 1 _aEspina y Capo, Antonio,
_d1850-1930
_947840
245 1 0 _aPrograma de patología y clínica médica
_b: (tercer curso - 1907 a 1908) /
_cAntonio Espina y Capo.
260 _aMadrid :
_bNicolás Moya,
_c1908.
300 _a27 p. ;
_c22 cm.
650 0 7 _aMedicina clínica
_2embne
_914921
852 _aES-MaACL
_jT-1212-F-5
999 _c102901
_d102901